Statistics for Countries with the Most Malay Speakers

Click here to take the quiz!

General Stats

  • This quiz has been taken 67 times
    (52 since last reset)
  • The average score is 8 of 10

Answer Stats

PlaceStatusSpeakersAnswer% Correct
1.National210 000 000Indonesia
100%
2.National28 844 720Malaysia
100%
3.1 467 369Thailand
93%
8.National266 000Brunei
90%
4.Official711 100Singapore
90%
10.204 017China
85%
9.219 200Philippines
83%
6.608 264East Timor
78%
7.348 800Netherlands
50%
5.610 000Saudi Arabia
40%

Score Distribution

Percentile by Number Answered

Percent of People with Each Score

Your Score History

You have not taken this quiz since the last reset